000 00610nam a2200229Ia 4500
003 OSt
005 20220928141709.0
006 a|||||r|||| 00| 0
007 ta
008 220927b |||||||| |||| 00| 0 eng d
024 _a16891
037 _cTextual
040 _aSDCL
_cSDCL
_beng
041 _2eng
_aeng
082 _aB334, M0
100 _aMitchell A R
_9501648
245 0 _aFinite difference method in partial differential equations.
260 _c1980
700 _a Griffiths D F
_9501649
942 _hB334, M0
_cTEXL
_2CC
999 _c819223
_d819223